书目信息 |
| 题名: |
电子线路基础实验
|
|
| 作者: | 沈建国 , 刘中元 编著 | |
| 分册: | ||
| 出版信息: | 上海 华东师范大学出版社 2003.07 |
|
| 页数: | 270页 | |
| 开本: | 26cm | |
| 丛书名: | ||
| 单 册: | ||
| 中图分类: | TN7-33 | |
| 科图分类: | ||
| 主题词: | 模拟电路--实验 , 数字电路--实验 , 电子电路--实验 | |
| 电子资源: | ||
| ISBN: | 7-5617-3240-6 | |
| 000 | 00874nam0 2200265 450 | |
| 001 | 010235511656 | |
| 005 | 20050913114617.62 | |
| 010 | @a7-5617-3240-6@dCNY28.00 | |
| 100 | @a20050913d2003 km y0chiy0120 ea | |
| 101 | 0 | @achi |
| 102 | @aCN@b310000 | |
| 105 | @aa z 000yy | |
| 200 | 1 | @a电子线路基础实验@Adian zi xian lu ji chu shi yan@e模拟·数字@f沈建国, 刘中元编著@Fshen jian guo,liu zhong yuan bian zhu |
| 210 | @a上海@c华东师范大学出版社@d2003.07 | |
| 215 | @a270页@c图@d26cm | |
| 330 | @a本书内容共分三篇,包括电子线路实验基础、模拟电路实验和数字电路实验。 | |
| 517 | 1 | @a模拟·数字@Amo ni·shu zi |
| 606 | 0 | @a模拟电路@x实验 |
| 606 | 0 | @a数字电路@x实验 |
| 606 | 0 | @a电子电路@x实验 |
| 690 | @aTN7-33@v4 | |
| 701 | 0 | @a沈建国@Ashen jian guo@4编著 |
| 701 | 0 | @a刘中元@Aliu zhong yuan@4编著 |
| 801 | 0 | @aCN@bQSSK@c20050913 |
| 905 | @a10447@dTN7-33@eS391 | |
| 电子线路基础实验:模拟·数字/沈建国, 刘中元编著.-上海:华东师范大学出版社,2003.07 |
| 270页:图;26cm |
| ISBN 7-5617-3240-6:CNY28.00 |
| 本书内容共分三篇,包括电子线路实验基础、模拟电路实验和数字电路实验。 |
| ● |
| 相关链接 |
|
|
|
正题名:电子线路基础实验
索取号:TN7-33/S391
 
预约/预借
| 序号 | 登录号 | 条形码 | 馆藏地/架位号 | 状态 | 备注 |
| 1 | 570021 | 205700213 | 自科库301/301自科库 29排1列2层/ [索取号:TN7-33/S391] | 在馆 | |
| 2 | 570022 | 205700222 | 自科二线404/301自科库 21排3列3层/ [索取号:TN7-33/S391] | 在馆 | |
| 3 | 570023 | 205700231 | 自科库301/301自科库 29排1列2层/ [索取号:TN7-33/S391] | 在馆 |